| 000 | 01419nam a2200385 c 4500 | ||
|---|---|---|---|
| 001 | 51930 | ||
| 003 | ES-MaCES | ||
| 005 | 20210824122956.0 | ||
| 007 | cr ||||||||||| | ||
| 008 | 210824s2020 lu r m000 | eng d | ||
| 020 | _a9789289630498 | ||
| 020 | _a9789289630481 (pdf) | ||
| 040 |
_aES-MaCES _bspa _cES-MaCES |
||
| 110 | 2 |
_91909 _aCentro Europeo para el Desarrollo de la Formación Profesional |
|
| 245 | 0 | 0 |
_aAnnual report 2019 _hRecurso electrónico _cCedefop |
| 260 |
_aLuxembourg _bPublications Office of the European Union _c2020 |
||
| 300 |
_a1 documento pdf _c(6,24 mb) |
||
| 541 | _cGratuito | ||
| 610 | 2 | 7 |
_91909 _aCentro Europeo para el Desarrollo de la Formación Profesional |
| 650 | 4 |
_aformación profesional _927394 |
|
| 650 | 4 |
_aformación profesional permanente _929931 |
|
| 650 | 4 |
_asistema de formación _930101 |
|
| 650 | 4 |
_acalificación profesional _928319 |
|
| 650 | 4 |
_agestión de la formación _929970 |
|
| 650 | 4 |
_aUE _926752 |
|
| 650 | 4 |
_aorganización internacional _926700 |
|
| 650 | 4 |
_amemoria anual _928977 |
|
| 650 | 4 |
_ainforme de actividades _928984 |
|
| 650 | 4 |
_a2019 _939571 |
|
| 653 | 1 | 0 | _aInstituciones comunitarias |
| 856 | 4 |
_uhttps://doi.org/10.2801/79286 _yhttps://doi.org/10.2801/79286 _z[intranet] |
|
| 856 | 4 |
_uhttp://biblioteca.ces.es/repintra/B51930.pdf _ytexto completo _z[intranet] |
|
| 902 | _aELE PUB. ELECTRONICA | ||
| 942 |
_2CES _cBK _h6.4. |
||
| 999 |
_c51930 _d51930 |
||